| 000 | 01455cam a22002775a 4500 | ||
|---|---|---|---|
| 001 | L150758 | ||
| 008 | 100901s2010 xxk f 000 0 eng d | ||
| 020 | _a9781842196229 | ||
| 035 | _a(Sirsi) u150758 | ||
| 041 | 0 | _aeng | |
| 050 | 0 | 4 | _a333.332 |
| 110 | 2 |
_aRoyal Institution of Chartered Surveyors _94900 |
|
| 245 | 0 | 0 |
_aValuation of woodlands _c[old edition] |
| 250 | _a1st | ||
| 260 |
_aCoventry, _bRICS, _c2010 |
||
| 300 |
_aiv, 12p. _bill. _c30cm. |
||
| 490 | 0 | _aRICS Guidance Note | |
| 490 | 0 | _aRICS Practice Standards UK | |
| 505 | 2 | _aRICS Valuation standards -- RICS guidance notes -- Scope -- Introduction -- Catagories of woodland -- Factors affecting the value of woodlands -- Establishing the facts: preparatory work and property inspection -- Valuation methods. | |
| 520 | _aThis guidance note provides advice to surveyors on the main factors that impact the market value of woodlands. It looks at the complex issues that might come up in assessing woodlands such as catagories of woodland, factors affecting value, preparatory work and inspection and valuation methods. | ||
| 520 | _aSuperseded by 2nd edition ISBN 9781783214969 Effective from 1 June 2023 | ||
| 651 | 4 | _aUnited Kingdom | |
| 690 | _aPROPERTY-PROPERTY APPRAISAL AND VALUATION | ||
| 856 | 4 | 1 |
_uhttps://www.rics.org/content/dam/ricsglobal/documents/standards/August_2010_valuation_of_woodlands_1st_edition_rics.pdf _zView old edition on RICS.org |
| 942 |
_n0 _2ddc |
||
| 999 |
_c110976 _d110976 |
||